00338nam a22001097a 4500020001800000082001700018100004800035245005800083250000900141260004200150300003600192 a9780070659940 222a620.1054 aBeer, Ferdinand P. and Johnston E. Russell. aVector mechanics for engineers statics and dynamics / a8th. aNew Delhi,bTata McGraw Hill,cc2007. axxvii, 1326 p. bill. ;c24 cm.